000 01340nam0a2200313 4500
001 RU\NLR\bibl\1712153
005 20250616065156.0
010 _a978-5-699-45236-1
_9525
021 _aRU
_b2010-88016
_95903
035 _a(NLR Aleph) 001703181
090 _a1233427
_c1233427
100 _a20101209d2010 |||y0rusy50 ca
101 0 _arus
102 _aRU
105 _aa |||||||||
200 1 _aНалогообложение прибыли в России: формирование современной модели
_eмонография
_fЛ.Н. Лыкова, И.С. Букина
_gИн-т законодательства и сравнит. правоведения при Правительстве Рос. Федерации
210 _aМосква
_cЭксмо
_d2010
215 _a335 с.
_cил.
_d22
320 _aБиблиогр.: с. 330-335 и в подстроч. прим.
606 1 _aНалог на прибыль
_yРоссийская Федерация
_92072181
_3RU\NLR\auth\661247010
686 _aУ26(2)141.31
700 1 _aЛыкова
_bЛ. Н.
_gЛюдмила Никитична
_4070
701 1 _aБукина
_bИ. С.
_gИрина Сергеевна
_4070
801 0 _aRU
_bNLR
_c20101209
_gRCR
801 1 _aRU
_bNLR
_c20101209
830 _aпо эк
942 _cBOOK
980 _aNB